[Event "CZE-chT2E 1920"]
[Site "Czech Republic"]
[Date "2020.02.09"]
[Round "8.5"]
[White "Horsak, Jan"]
[Black "Stachon, Martin"]
[Result "0-1"]
[WhiteElo "2046"]
[BlackElo "2141"]
[PlyCount "102"]
[EventDate "2019.10.13"]
[EventType "team-tourn"]
[EventRounds "11"]
[EventCountry "CZE"]
[SourceTitle "EXT 2024"]
[Source "ChessBase"]
[SourceDate "2023.10.10"]
[SourceVersion "1"]
[SourceVersionDate "2023.10.10"]
[SourceQuality "1"]
[WhiteTeam "Stare Mesto II"]
[BlackTeam "Kromeriz Slavia II"]
[WhiteTeamCountry "CZE"]
[BlackTeamCountry "CZE"]

1. c4 Nf6 2. g3 g6 3. Bg2 Bg7 4. Nc3 0-0 5. d3 d6 6. Bg5 h6 7. Bxf6 Bxf6 8. Qd2 Bg7 9. h4 c6 10. Rb1 a5 11. Nf3 e5 12. 0-0 Be6 13. b4 axb4 14. Rxb4 Na6 15. Rxb7 Nc5 16. Rb4 d5 17. cxd5 cxd5 18. d4 Ne4 19. Qd3 Nxc3 20. Qxc3 e4 21. Ne5 Rxa2 22. e3 Qd6 23. Qb3 Ra6 24. Rb1 Bxe5 25. dxe5 Qxe5 26. Bf1 Rc6 27. Qa4 Rfc8 28. Rb8 Rxb8 29. Rxb8+ Qxb8 30. Qxc6 Qb1 31. g4 Bxg4 32. Qe8+ Kg7 33. Qe5+ Kh7 34. Qxd5 Be6 35. Qb5 Qc1 36. Kg2 Qc3 37. Kg3 Qc7+ 38. Kg2 Qd8 39. Kg3 Qd6+ 40. Kg2 Bg4 41. Qe8 Bf3+ 42. Kh3 Qf6 43. Qb8 Bg4+ 44. Kg2 Qxh4 45. Qh2 Bf3+ 46. Kg1 Qxh2+ 47. Kxh2 g5 48. Kg3 Kg6 49. Bc4 f5 50. Bb5 h5 51. Bd7 Kf6 0-1

[Event "CZE-chT1E 1718"]
[Site "Czech Republic"]
[Date "2018.03.04"]
[Round "9.4"]
[White "Mica, Marek"]
[Black "Stachon, Martin"]
[Result "1-0"]
[WhiteElo "1913"]
[BlackElo "2163"]
[PlyCount "103"]
[EventDate "2017.10.22"]
[EventType "team-tourn"]
[EventRounds "11"]
[EventCountry "CZE"]
[SourceTitle "EXT 2019"]
[Source "ChessBase"]
[SourceDate "2018.10.10"]
[SourceVersion "1"]
[SourceVersionDate "2018.10.10"]
[SourceQuality "1"]
[WhiteTeam "Frydek Mistek II"]
[BlackTeam "Kromeriz"]
[WhiteTeamCountry "CZE"]
[BlackTeamCountry "CZE"]

1. d4 Nf6 2. c4 g6 3. Nf3 Bg7 4. g3 0-0 5. Bg2 d6 6. 0-0 Nc6 7. d5 Na5 8. Nbd2 c5 9. Qc2 b5 10. e4 Rb8 11. Re1 Ng4 12. h3 Ne5 13. Nxe5 Bxe5 14. cxb5 Rxb5 15. f4 Bd4+ 16. Kh2 Qb6 17. Rb1 Ba6 18. Bf1 c4 19. Nf3 Bg7 20. Re2 Rb8 21. Be3 Qc7 22. Bd4 Bxd4 23. Nxd4 R5b6 24. Qc3 Qc5 25. Rc2 Qb4 26. Qe3 Qa4 27. a3 Qd7 28. h4 Bb5 29. Bh3 Qb7 30. f5 c3 31. Qxc3 Ba4 32. Rf2 Nb3 33. fxg6 hxg6 34. Ne6 f6 35. Qe3 Kh7 36. h5 Be8 37. Nf8+ Kg7 38. hxg6 Bxg6 39. Nxg6 Kxg6 40. Qf4 Rh8 41. Kg2 Nc5 42. Rh1 Kg7 43. b4 Nd3 44. Qg4+ Kf8 45. Rc2 Kf7 46. Qe6+ Kg7 47. Bf5 Rxh1 48. Kxh1 Ne5 49. Rh2 Qc7 50. Rh7+ Kf8 51. Rh8+ Kg7 52. Qg8# 1-0

[Event "CZE-chT2E 1718"]
[Site "Czech Republic"]
[Date "2018.02.11"]
[Round "8.5"]
[White "Stachon, Martin"]
[Black "Hajek, Oskar"]
[Result "1/2-1/2"]
[WhiteElo "2163"]
[BlackElo "2133"]
[PlyCount "80"]
[EventDate "2017.10.15"]
[EventType "team-tourn"]
[EventRounds "11"]
[EventCountry "CZE"]
[SourceTitle "EXT 2022"]
[Source "ChessBase"]
[SourceDate "2021.10.06"]
[SourceVersion "1"]
[SourceVersionDate "2021.10.06"]
[SourceQuality "1"]
[WhiteTeam "Kromeriz Slavia II"]
[BlackTeam "Prusanky Podluzan"]
[WhiteTeamCountry "CZE"]
[BlackTeamCountry "CZE"]

1. e4 d6 2. d4 Nf6 3. Nc3 e5 4. Nf3 Nbd7 5. Bc4 Be7 6. 0-0 0-0 7. Re1 c6 8. a4 a5 9. h3 Nb6 10. Bb3 Nfd7 11. Be3 exd4 12. Nxd4 Nc5 13. Qf3 Nxb3 14. cxb3 Nd7 15. Nf5 Ne5 16. Nxe7+ Qxe7 17. Qd1 Qc7 18. Rc1 Qb8 19. f4 Ng6 20. f5 Ne5 21. f6 g6 22. Bd4 Be6 23. Qd2 Kh8 24. Rf1 Rg8 25. Qg5 Qf8 26. Rf4 h5 27. Rh4 Kh7 28. Be3 Rh8 29. Rf1 Kg8 30. Ne2 Bxb3 31. Nd4 Bc4 32. Nf5 Rh7 33. Ne7+ Kh8 34. Rf5 Be2 35. Rxe5 dxe5 36. g4 Qd8 37. Qxe5 Qd1+ 38. Kh2 Bxg4 39. Nxg6+ Kg8 40. Ne7+ Kh8 1/2-1/2

[Event "CZE-chT1E 1718"]
[Site "Czech Republic"]
[Date "2018.01.21"]
[Round "6.5"]
[White "Zikmund, Jaroslav"]
[Black "Stachon, Martin"]
[Result "0-1"]
[WhiteElo "1857"]
[BlackElo "2163"]
[PlyCount "76"]
[EventDate "2017.10.22"]
[EventType "team-tourn"]
[EventRounds "11"]
[EventCountry "CZE"]
[SourceTitle "EXT 2019"]
[Source "ChessBase"]
[SourceDate "2018.10.10"]
[SourceVersion "1"]
[SourceVersionDate "2018.10.10"]
[SourceQuality "1"]
[WhiteTeam "Rychnov nad Kneznou"]
[BlackTeam "Kromeriz"]
[WhiteTeamCountry "CZE"]
[BlackTeamCountry "CZE"]

1. d4 Nf6 2. c4 g6 3. Nc3 Bg7 4. Nf3 d6 5. e4 0-0 6. d5 Nbd7 7. Bd2 Nc5 8. Qc2 a5 9. Be2 e6 10. Be3 exd5 11. cxd5 Nfd7 12. Bd4 Re8 13. 0-0 c6 14. Bxg7 Kxg7 15. Nd2 Nf6 16. dxc6 bxc6 17. f3 Ne6 18. Rad1 Nd4 19. Qb1 Qb6 20. Kh1 Nxe2 21. Nxe2 Ba6 22. Rde1 Rab8 23. b3 a4 24. Qc1 Re5 25. Nc4 Bxc4 26. Qxc4 axb3 27. axb3 Rb5 28. Rd1 d5 29. exd5 cxd5 30. Qd4 Rxb3 31. Qe5 Re8 32. Qa1 Rxe2 33. Rxd5 Rbb2 34. Rg5 Qe3 35. Rg3 Nh5 36. Rg4 f5 37. Rb4 Qd2 38. Rb1 Qxb4 0-1

[Event "CZE-chT1E 1617"]
[Site "Czech Republic"]
[Date "2017.02.19"]
[Round "8.5"]
[White "Stachon, Martin"]
[Black "Sikora, Jan"]
[Result "1-0"]
[WhiteElo "2163"]
[BlackElo "2229"]
[PlyCount "121"]
[EventDate "2016.10.16"]
[EventType "team-tourn"]
[EventRounds "11"]
[EventCountry "CZE"]
[SourceTitle "CBM 177 Extra"]
[Source "ChessBase"]
[SourceDate "2017.04.27"]
[SourceVersion "1"]
[SourceVersionDate "2017.04.27"]
[SourceQuality "1"]
[WhiteTeam "Kromeriz"]
[BlackTeam "Trinec"]
[WhiteTeamCountry "CZE"]
[BlackTeamCountry "CZE"]

1. e4 c5 2. Nf3 d6 3. d4 cxd4 4. Qxd4 a6 5. c4 Nc6 6. Qe3 g6 7. Nc3 Bg7 8. Be2 Nf6 9. h3 0-0 10. 0-0 Bd7 11. Bd2 Qb8 12. Rfc1 Qa7 13. Rab1 Qxe3 14. Bxe3 Rfc8 15. b4 Be6 16. Rc2 Nd7 17. Nd5 Kf8 18. Nf4 Ke8 19. Nxe6 fxe6 20. Ng5 Nf8 21. Bg4 Kd7 22. c5 Bd4 23. Bxd4 Nxd4 24. Rd2 Nb5 25. a4 Nc3 26. Rb3 Nxa4 27. cxd6 h5 28. Bf3 Rc3 29. Rxc3 Nxc3 30. e5 exd6 31. Bxb7 Rb8 32. Rxd6+ Ke7 33. Bxa6 Rxb4 34. Rc6 Ne4 35. Rc7+ Kd8 36. Rc8+ Ke7 37. Nxe4 Rxe4 38. Rc7+ Kd8 39. Rg7 Re1+ 40. Kh2 Rxe5 41. Bd3 Rd5 42. Be4 Re5 43. f3 g5 44. h4 gxh4 45. Kh3 Nd7 46. Kxh4 Nf6 47. Bg6 Re1 48. Rf7 Rh1+ 49. Kg5 Nd5 50. Bxh5 Ke8 51. Ra7+ Kf8 52. Bg6 Rg1 53. g4 Rh1 54. Be4 Ne7 55. Kf6 Rh6+ 56. Ke5 Ng8 57. g5 Rh5 58. f4 Rh4 59. Ra6 Nh6 60. gxh6 Rh5+ 61. Kf6 1-0

[Event "CZE-chT2E 1617"]
[Site "Czech Republic"]
[Date "2017.02.12"]
[Round "8.5"]
[White "Stachon, Martin"]
[Black "Blaha, Petr"]
[Result "1-0"]
[WhiteElo "2163"]
[BlackElo "2043"]
[PlyCount "117"]
[EventDate "2016.09.10"]
[EventType "team-tourn"]
[EventRounds "11"]
[EventCountry "CZE"]
[SourceTitle "EXT 2022"]
[Source "ChessBase"]
[SourceDate "2021.10.06"]
[SourceVersion "1"]
[SourceVersionDate "2021.10.06"]
[SourceQuality "1"]
[WhiteTeam "Kromeriz Slavia II"]
[BlackTeam "Stare Mesto II"]
[WhiteTeamCountry "CZE"]
[BlackTeamCountry "CZE"]

1. e4 e5 2. Nf3 Nf6 3. Nc3 Nc6 4. Bb5 Nd4 5. Bc4 d6 6. h3 Be6 7. Bxe6 Nxe6 8. 0-0 g6 9. d4 exd4 10. Nxd4 Bg7 11. Nxe6 fxe6 12. e5 dxe5 13. Qe2 Nd7 14. Ne4 0-0 15. Be3 Re8 16. Bg5 Qc8 17. Rad1 h6 18. Bxh6 Rf8 19. Bg5 Qe8 20. Rd3 Rf7 21. Qg4 Nf8 22. Rfd1 Qc6 23. c3 Re8 24. h4 a5 25. Rh3 Rf4 26. Bxf4 Qxe4 27. Rf3 exf4 28. Rxf4 Qc6 29. h5 e5 30. Rf3 Qe6 31. Qxe6+ Rxe6 32. hxg6 Nxg6 33. Rd8+ Nf8 34. Rc8 Re7 35. Kf1 a4 36. Ke2 c6 37. Rf5 e4 38. g4 Re6 39. Ke3 b5 40. Rc5 Kf7 41. R8xc6 Bh6+ 42. Ke2 Rxc6 43. Rxc6 Bc1 44. b3 axb3 45. axb3 Ne6 46. Rb6 Nc7 47. f3 exf3+ 48. Kxf3 Nd5 49. Rxb5 Nxc3 50. Rc5 Bd2 51. b4 Ke6 52. Rf5 Nd5 53. b5 Ba5 54. Rf8 Ke7 55. Ra8 Bb6 56. Ra6 Bc7 57. g5 Kf7 58. Kg4 Kg7 59. Kf5 1-0

[Event "CZE-chT2E 1617"]
[Site "Czech Republic"]
[Date "2016.10.23"]
[Round "2.4"]
[White "Kratochvil, Josef"]
[Black "Stachon, Martin"]
[Result "1/2-1/2"]
[WhiteElo "2274"]
[BlackElo "2163"]
[PlyCount "74"]
[EventDate "2016.09.10"]
[EventType "team-tourn"]
[EventRounds "11"]
[EventCountry "CZE"]
[SourceTitle "EXT 2022"]
[Source "ChessBase"]
[SourceDate "2021.10.06"]
[SourceVersion "1"]
[SourceVersionDate "2021.10.06"]
[SourceQuality "1"]
[WhiteTeam "Lipovec Garde"]
[BlackTeam "Kromeriz Slavia II"]
[WhiteTeamCountry "CZE"]
[BlackTeamCountry "CZE"]

1. e4 c5 2. Nf3 e6 3. d3 Nc6 4. g3 d6 5. Bg2 Nf6 6. 0-0 Be7 7. c3 0-0 8. Re1 Ne5 9. d4 Nxf3+ 10. Bxf3 e5 11. Be3 Qc7 12. Nd2 Rb8 13. Bg2 Ng4 14. Nf1 Be6 15. d5 Nxe3 16. Nxe3 Bd7 17. f4 exf4 18. gxf4 Bf6 19. Qf3 Rfe8 20. Rad1 b5 21. Ng4 Bxg4 22. Qxg4 Rb6 23. Qg3 b4 24. Re2 bxc3 25. bxc3 Qb8 26. Qd3 Rb2 27. Rxb2 Qxb2 28. e5 dxe5 29. d6 exf4 30. d7 Rd8 31. Re1 g6 32. Re8+ Kg7 33. Qd6 Bxc3 34. h4 Bd4+ 35. Kh2 f3 36. Qf8+ Kf6 37. Qe7+ Kg7 1/2-1/2

[Event "CZE-chT2F 1516"]
[Site "Czech Republic"]
[Date "2016.04.17"]
[Round "11.24"]
[White "Malcanek, Jan"]
[Black "Stachon, Martin"]
[Result "1-0"]
[WhiteElo "2076"]
[BlackElo "2187"]
[PlyCount "117"]
[EventDate "2015.10.18"]
[EventType "team-tourn"]
[EventRounds "11"]
[EventCountry "CZE"]
[SourceTitle "EXT 2022"]
[Source "ChessBase"]
[SourceDate "2021.10.06"]
[SourceVersion "1"]
[SourceVersionDate "2021.10.06"]
[SourceQuality "1"]
[WhiteTeam "Hostalkova"]
[BlackTeam "Kromeriz Slavia II"]
[WhiteTeamCountry "CZE"]
[BlackTeamCountry "CZE"]

1. c4 Nf6 2. Nf3 g6 3. g3 Bg7 4. Bg2 0-0 5. 0-0 d6 6. Nc3 Nc6 7. d3 e5 8. Rb1 a5 9. a3 h6 10. b4 axb4 11. axb4 Be6 12. Qc2 Qc8 13. b5 Nd4 14. Nxd4 exd4 15. Nd5 Bxd5 16. cxd5 Nd7 17. Rb4 Nc5 18. Bb2 Ra2 19. Qc4 Qa8 20. Bf3 Qa5 21. Bxd4 Rc2 22. Qxc2 Qxb4 23. Bxg7 Kxg7 24. Rb1 Qd4 25. Qb2 Qxb2 26. Rxb2 Ra8 27. d4 Na4 28. Rc2 Ra5 29. Rxc7 Rxb5 30. e3 Kf6 31. Kg2 h5 32. h4 Nb2 33. Be2 Rb6 34. Kf3 Na4 35. Bd3 Nb2 36. Bc2 Rb4 37. Ke4 Rc4 38. Rxc4 Nxc4 39. Kd3 Nb6 40. e4 Ke7 41. Bb3 Nd7 42. Kc4 Nf6 43. f3 Kd8 44. e5 Ng8 45. Bc2 Kc7 46. Kb5 Ne7 47. Be4 Ng8 48. g4 Ne7 49. g5 Kd7 50. Kb6 Nc8+ 51. Kxb7 Ne7 52. f4 Kd8 53. exd6 Nc8 54. Kc6 Na7+ 55. Kc5 Nc8 56. f5 Kd7 57. fxg6 Nxd6 58. g7 Nxe4+ 59. Kb4 1-0

[Event "CZE-chT2F 1516"]
[Site "Czech Republic"]
[Date "2016.04.03"]
[Round "10.53"]
[White "Kawulok, Marek"]
[Black "Stachon, Martin"]
[Result "1-0"]
[WhiteElo "2142"]
[BlackElo "2187"]
[PlyCount "49"]
[EventDate "2015.10.18"]
[EventType "team-tourn"]
[EventRounds "11"]
[EventCountry "CZE"]
[SourceTitle "EXT 2022"]
[Source "ChessBase"]
[SourceDate "2021.10.06"]
[SourceVersion "1"]
[SourceVersionDate "2021.10.06"]
[SourceQuality "1"]
[WhiteTeam "Cesky Tesin"]
[BlackTeam "Kromeriz Slavia II"]
[WhiteTeamCountry "CZE"]
[BlackTeamCountry "CZE"]

1. e4 c5 2. Nf3 e6 3. d4 cxd4 4. Nxd4 a6 5. Nc3 Qc7 6. Bd3 Nf6 7. f4 Bb4 8. Bd2 d6 9. Qf3 Nbd7 10. g4 Nc5 11. g5 Nfd7 12. 0-0-0 b6 13. Kb1 Nxd3 14. cxd3 Bxc3 15. Bxc3 Bb7 16. Nxe6 fxe6 17. Bxg7 0-0-0 18. Bxh8 Rxh8 19. Rc1 Bc6 20. Rxc6 Qxc6 21. Rc1 Qxc1+ 22. Kxc1 Kb7 23. Qh5 Kc6 24. Kd2 Rf8 25. Ke3 1-0

[Event "CZE-chT1E 1415"]
[Site "Czech Republic"]
[Date "2015.03.22"]
[Round "10.8"]
[White "Macharacek, Simon"]
[Black "Stachon, Martin"]
[Result "1/2-1/2"]
[WhiteElo "2217"]
[BlackElo "2152"]
[PlyCount "128"]
[EventDate "2014.10.19"]
[EventType "team-tourn"]
[EventRounds "11"]
[EventCountry "CZE"]
[SourceTitle "EXT 2016"]
[Source "ChessBase"]
[SourceDate "2015.10.08"]
[SourceVersion "1"]
[SourceVersionDate "2015.10.08"]
[SourceQuality "1"]
[WhiteTeam "Brno Duras"]
[BlackTeam "Kromeriz"]
[WhiteTeamCountry "CZE"]
[BlackTeamCountry "CZE"]

1. e4 c5 2. Nf3 e6 3. Nc3 a6 4. g3 b5 5. d4 cxd4 6. Nxd4 Bb7 7. Bg2 Nf6 8. 0-0 d6 9. Re1 e5 10. Nf5 g6 11. Ne3 Bg7 12. a4 b4 13. Ncd5 Nxd5 14. Nxd5 Nc6 15. Be3 0-0 16. Qd2 a5 17. c3 bxc3 18. bxc3 Ne7 19. Nb6 Rb8 20. Red1 h5 21. Rab1 Bc6 22. Qxd6 Qxd6 23. Rxd6 Bxa4 24. Ra1 Bb3 25. Rxa5 Nc8 26. Rc6 Nxb6 27. Bxb6 Rfc8 28. Rxc8+ Rxc8 29. Rc5 Ra8 30. h4 Ra1+ 31. Kh2 Rc1 32. Rc8+ Kh7 33. Be3 Rc2 34. Bf3 Be6 35. Rc7 Bh6 36. Bd1 Ra2 37. Bxh6 Kxh6 38. Kg2 Kg7 39. Rc5 Kf6 40. Bf3 Rc2 41. Kf1 Ke7 42. Rxe5 Rxc3 43. Be2 Kf6 44. Ra5 Bc4 45. Bxc4 Rxc4 46. f3 Rc2 47. Rd5 Ke6 48. Ra5 Rb2 49. Ra3 Ke5 50. Re3 f5 51. exf5+ Kxf5 52. Re2 Rb5 53. Kf2 Ra5 54. Kg2 Ra3 55. Rb2 Rc3 56. Rb5+ Kf6 57. Rg5 Rc2+ 58. Kh3 Rf2 59. f4 Kf7 60. f5 Rxf5 61. Rxf5+ gxf5 62. Kg2 Ke6 63. Kf3 Kf7 64. Ke3 Ke7 1/2-1/2

[Event "CZE-chT1E 1415"]
[Site "Czech Republic"]
[Date "2015.01.18"]
[Round "6.8"]
[White "Svancara, Petr"]
[Black "Stachon, Martin"]
[Result "0-1"]
[WhiteElo "2080"]
[BlackElo "2152"]
[PlyCount "104"]
[EventDate "2014.10.19"]
[EventType "team-tourn"]
[EventRounds "11"]
[EventCountry "CZE"]
[SourceTitle "EXT 2016"]
[Source "ChessBase"]
[SourceDate "2015.10.08"]
[SourceVersion "1"]
[SourceVersionDate "2015.10.08"]
[SourceQuality "1"]
[WhiteTeam "Grygov"]
[BlackTeam "Kromeriz"]
[WhiteTeamCountry "CZE"]
[BlackTeamCountry "CZE"]

1. e4 c5 2. Nf3 e6 3. b3 b6 4. Bb2 Bb7 5. d3 d6 6. Be2 Nf6 7. 0-0 Be7 8. Nbd2 0-0 9. Re1 Nbd7 10. Nf1 Qc7 11. Ng3 Ne5 12. Nxe5 dxe5 13. a4 a6 14. Bf1 Rfd8 15. Qf3 Nd7 16. Qg4 Nf6 17. Qh3 Bc6 18. Nh5 b5 19. Nxg7 Kxg7 20. Qg3+ Kf8 21. Bxe5 Qb7 22. Qg5 Nd7 23. Qg7+ Ke8 24. Qxh7 Nxe5 25. Qh8+ Kd7 26. Qxe5 Qc7 27. Qc3 b4 28. Qb2 Rh8 29. g3 Rag8 30. Bg2 Rh6 31. Rad1 e5 32. c3 bxc3 33. Qxc3 Rb8 34. Qc4 Rf6 35. f4 Rb4 36. Qc3 Rd4 37. f5 Qb6 38. Kh1 Qb4 39. Qc2 Rh6 40. Qc1 Rdd6 41. g4 Bh4 42. Rf1 Bg3 43. h3 Bf4 44. Rxf4 exf4 45. Qxf4 Qxb3 46. Rf1 Qxd3 47. g5 Rh8 48. g6 fxg6 49. Qg4 Kc7 50. fxg6 Rg8 51. g7 Rd7 52. Qg3+ Qxg3 0-1

[Event "CZE-chT2E 1415"]
[Site "Czech Republic"]
[Date "2015.01.11"]
[Round "5.1"]
[White "Gasa, Andrej"]
[Black "Stachon, Martin"]
[Result "1/2-1/2"]
[WhiteElo "2317"]
[BlackElo "2152"]
[PlyCount "20"]
[EventDate "2014.11.02"]
[EventType "team-tourn"]
[EventRounds "11"]
[EventCountry "CZE"]
[SourceTitle "EXT 2022"]
[Source "ChessBase"]
[SourceDate "2021.10.06"]
[SourceVersion "1"]
[SourceVersionDate "2021.10.06"]
[SourceQuality "1"]
[WhiteTeam "Prusanky Podluzan"]
[BlackTeam "Kromeriz Slavia II"]
[WhiteTeamCountry "CZE"]
[BlackTeamCountry "CZE"]

1. e4 c5 2. Nf3 g6 3. c3 Bg7 4. d4 cxd4 5. cxd4 d5 6. exd5 Nf6 7. Nc3 0-0 8. Qb3 Nbd7 9. Be2 Nb6 10. 0-0 Nfxd5 1/2-1/2

[Event "CZE-chT2E 1314"]
[Site "Czech Republic"]
[Date "2014.03.23"]
[Round "10.3"]
[White "Stachon, Martin"]
[Black "Blaha, Petr"]
[Result "1/2-1/2"]
[WhiteElo "2113"]
[BlackElo "2098"]
[PlyCount "36"]
[EventDate "2013.11.03"]
[EventType "team-tourn"]
[EventRounds "11"]
[EventCountry "CZE"]
[SourceTitle "EXT 2016"]
[Source "ChessBase"]
[SourceDate "2015.10.08"]
[SourceVersion "1"]
[SourceVersionDate "2015.10.08"]
[SourceQuality "1"]
[WhiteTeam "Kromeriz Slavia II"]
[BlackTeam "Napajedla"]
[WhiteTeamCountry "CZE"]
[BlackTeamCountry "CZE"]

1. e4 e5 2. Nf3 Nf6 3. d4 Nxe4 4. Bd3 d5 5. Nxe5 Nd7 6. Nxd7 Bxd7 7. 0-0 Bd6 8. Nc3 Nxc3 9. bxc3 0-0 10. Qh5 f5 11. Rb1 b6 12. Bg5 Qe8 13. Qf3 f4 14. Qxd5+ Be6 15. Qe4 Bf5 16. Qd5+ Be6 17. Qe4 Bf5 18. Qd5+ Be6 1/2-1/2

[Event "Olomouc op 16th"]
[Site "Olomouc"]
[Date "2013.08.04"]
[Round "5"]
[White "Johansson, Jan"]
[Black "Stachon, Martin"]
[Result "1-0"]
[WhiteElo "2394"]
[BlackElo "2116"]
[PlyCount "79"]
[EventDate "2013.08.01"]
[EventType "swiss"]
[EventRounds "9"]
[EventCountry "CZE"]
[SourceTitle "CBM 155 Extra"]
[Source "ChessBase"]
[SourceDate "2013.08.26"]
[SourceVersion "1"]
[SourceVersionDate "2013.08.26"]
[SourceQuality "1"]

1. d4 Nf6 2. Nf3 g6 3. c4 Bg7 4. Nc3 d6 5. Bg5 h6 6. Bh4 0-0 7. e3 c5 8. Be2 g5 9. Bg3 Nh5 10. dxc5 Nxg3 11. hxg3 dxc5 12. Qc2 e6 13. g4 Qe7 14. 0-0-0 Nc6 15. Rh5 f6 16. Rdh1 Bd7 17. Bd3 Be8 18. Bh7+ Kh8 19. Bg6 f5 20. Bxe8 Raxe8 21. Nxg5 Nb4 22. Qe2 Kg8 23. Nh3 Rd8 24. Nf4 Qf6 25. a3 Nc6 26. gxf5 exf5 27. Rd1 Rxd1+ 28. Qxd1 Rd8 29. Qc2 Rf8 30. Kb1 Ne5 31. Ncd5 Qf7 32. Rxf5 Qe8 33. Rxf8+ Qxf8 34. Ne6 Qf7 35. Nxg7 Qxg7 36. f4 Nc6 37. g4 a6 38. Qf5 Ne7 39. Qe6+ Kf8 40. Qxe7+ 1-0

[Event "CZE-chT1E 1213"]
[Site "Czech Republic"]
[Date "2013.02.10"]
[Round "7.7"]
[White "Stachon, Martin"]
[Black "Gibiec, Ernest"]
[Result "1-0"]
[WhiteElo "2127"]
[BlackElo "2229"]
[PlyCount "69"]
[EventDate "2012.10.21"]
[EventType "team-tourn"]
[EventRounds "11"]
[EventCountry "CZE"]
[SourceTitle "EXT 2014"]
[Source "ChessBase"]
[SourceDate "2013.11.20"]
[SourceVersion "1"]
[SourceVersionDate "2013.11.20"]
[SourceQuality "1"]
[WhiteTeam "Kromeriz"]
[BlackTeam "Karvina"]
[WhiteTeamCountry "CZE"]
[BlackTeamCountry "CZE"]

1. e4 d6 2. d4 Nf6 3. Nc3 g6 4. Nf3 Bg7 5. h3 0-0 6. Be3 c6 7. a4 Nbd7 8. a5 Qc7 9. Be2 e5 10. dxe5 dxe5 11. 0-0 Rd8 12. Qb1 Nh5 13. Ng5 Nf8 14. Bc4 Ne6 15. Nxe6 Bxe6 16. Bxe6 fxe6 17. Qa2 Qe7 18. Qc4 Nf4 19. Rfd1 a6 20. Na4 Qg5 21. Bxf4 exf4 22. Nc5 f3 23. g3 Rxd1+ 24. Rxd1 Rd8 25. Rxd8+ Qxd8 26. Qxe6+ Kh8 27. Nd3 Bd4 28. Qf7 c5 29. b3 Qg8 30. Qxf3 h6 31. e5 c4 32. bxc4 Qxc4 33. Qf6+ Kh7 34. Nf4 Qxc2 35. Qf7+ 1-0

[Event "CZE-chT1E 1213"]
[Site "Czech Republic"]
[Date "2012.11.11"]
[Round "2.8"]
[White "Zigo, Viktor"]
[Black "Stachon, Martin"]
[Result "1-0"]
[WhiteElo "2240"]
[BlackElo "2127"]
[PlyCount "87"]
[EventDate "2012.10.21"]
[EventType "team-tourn"]
[EventRounds "11"]
[EventCountry "CZE"]
[SourceTitle "CBM 151 Extra"]
[Source "ChessBase"]
[SourceDate "2012.12.18"]
[SourceVersion "1"]
[SourceVersionDate "2012.12.18"]
[SourceQuality "1"]
[WhiteTeam "Jihlava"]
[BlackTeam "Kromeriz"]
[WhiteTeamCountry "CZE"]
[BlackTeamCountry "CZE"]

1. e4 c5 2. Nf3 e6 3. d3 d6 4. g3 Nc6 5. Bg2 Nge7 6. 0-0 g6 7. c3 Bg7 8. d4 cxd4 9. cxd4 0-0 10. Nc3 e5 11. d5 Nd4 12. Nxd4 exd4 13. Nb5 Qb6 14. Na3 Bd7 15. Bg5 Rfe8 16. Qd2 Rac8 17. b3 Qc5 18. Nc4 b5 19. Na5 Qb6 20. b4 Rc3 21. Rac1 Kh8 22. Qf4 Kg8 23. Bf6 Nc8 24. Rxc3 dxc3 25. Rc1 Qb8 26. Rxc3 Nb6 27. h4 h6 28. Rf3 Bf8 29. Bc3 f5 30. exf5 gxf5 31. Re3 Rxe3 32. Qxe3 Qe8 33. Qd4 Qg6 34. Nc6 Nc4 35. Qxa7 Qe8 36. Qd4 Qg6 37. a4 Na3 38. a5 Bc8 39. Nd8 Qh7 40. Ne6 Be7 41. a6 Nb1 42. a7 Bb7 43. Bb2 f4 44. Be4 1-0

[Event "CZE-chT2F 1213"]
[Site "Czech Republic"]
[Date "2012.10.14"]
[Round "1.33"]
[White "Stachon, Martin"]
[Black "Tustanowski, Robert"]
[Result "0-1"]
[WhiteElo "2127"]
[BlackElo "2307"]
[PlyCount "90"]
[EventDate "2012.10.14"]
[EventType "team-tourn"]
[EventRounds "11"]
[EventCountry "CZE"]
[SourceTitle "EXT 2016"]
[Source "ChessBase"]
[SourceDate "2015.10.08"]
[SourceVersion "1"]
[SourceVersionDate "2015.10.08"]
[SourceQuality "1"]
[WhiteTeam "Kromeriz Slavia II"]
[BlackTeam "Albrechtice"]
[WhiteTeamCountry "CZE"]
[BlackTeamCountry "CZE"]

1. e4 e5 2. Nf3 Nc6 3. Bb5 f5 4. d3 fxe4 5. dxe4 Nf6 6. 0-0 Bc5 7. Qd3 d6 8. Qc4 Bd7 9. Nc3 Qe7 10. Nd5 Nxd5 11. exd5 Nd4 12. Bxd7+ Qxd7 13. Nxe5 Qf5 14. Nd3 0-0-0 15. Nxc5 dxc5 16. Qxc5 Nxc2 17. Bf4 Qxf4 18. Qxc2 Rxd5 19. Rad1 Rxd1 20. Rxd1 Rf8 21. Qd2 Qxd2 22. Rxd2 c5 23. f3 Kc7 24. Kf2 Kc6 25. h4 b5 26. g4 c4 27. Ke3 Re8+ 28. Kf4 b4 29. h5 a5 30. g5 Re7 31. Kf5 Kc5 32. f4 c3 33. bxc3 bxc3 34. Rh2 Kd4 35. h6 gxh6 36. gxh6 Rc7 37. Ke6 c2 38. Rxc2 Rxc2 39. f5 Rh2 40. Ke7 Rxh6 41. f6 Ke5 42. f7 Re6+ 43. Kd7 Rf6 44. Ke7 h5 45. f8N Rxf8 0-1

[Event "CZE-chT2E 1112"]
[Site "Czech Republic"]
[Date "2012.01.22"]
[Round "6.3"]
[White "Dobes, Vojtech"]
[Black "Stachon, Martin"]
[Result "0-1"]
[WhiteElo "2061"]
[BlackElo "2044"]
[PlyCount "64"]
[EventDate "2011.10.09"]
[EventType "team-tourn"]
[EventRounds "11"]
[EventCountry "CZE"]
[SourceTitle "EXT 2013"]
[Source "ChessBase"]
[SourceDate "2012.11.22"]
[SourceVersion "1"]
[SourceVersionDate "2012.11.22"]
[SourceQuality "1"]
[WhiteTeam "Stare Mesto II"]
[BlackTeam "Kromeriz II"]
[WhiteTeamCountry "CZE"]
[BlackTeamCountry "CZE"]

1. e4 c5 2. Nf3 e6 3. d4 cxd4 4. Nxd4 a6 5. Nc3 Qc7 6. Bd3 Nf6 7. f4 b5 8. Qe2 b4 9. Nd1 Bb7 10. Bd2 Nc6 11. Nxc6 Qxc6 12. Nf2 d5 13. e5 Ne4 14. Bxe4 dxe4 15. Be3 Rc8 16. 0-0-0 a5 17. Bd4 a4 18. Kb1 Be7 19. Rc1 0-0 20. Rhe1 Rfd8 21. c3 e3 22. Bxe3 Qxg2 23. cxb4 Bxb4 24. Rxc8 Rxc8 25. Rc1 Rxc1+ 26. Kxc1 Qd5 27. Qd1 Qxa2 28. Qd8+ Bf8 29. Qc7 Bd5 30. Qc3 a3 31. bxa3 Bxa3+ 32. Kd1 Bf3+ 0-1